Joukkueet, joissa Teemu Selänne on pelannut - Statistics

Yleistilastot
  • Tätä visaa on pelattu 66 kertaa
  • Keskiarvotulos 7 / 8
Vastaustilastot
Kaudet Liiga Vastaus % Oikein
95-01 NHL Anaheim Ducks
100%
05-14 NHL Anaheim Ducks
100%
87-92 SM-Liiga Jokerit
100%
94-95 SM-Liiga Jokerit
100%
92-94 NHL Winnipeg Jets
94%
94-96 NHL Winnipeg Jets
94%
00-03 NHL San Jose Sharks
78%
03-04 NHL Colorado Avalanche
70%
Ehtoja vastaavia visoja ei löytynyt
Tulosjakauma
Jokaisen tuloksen saaneiden osuus
Persentiili vastausten määrän mukaan
Tuloshistoriasi
Et ole pelannut tätä visaa